[Event "Open A"]
[Site "Pardubice CZE"]
[Date "2005.07.26"]
[Round "5"]
[White "Aleshin,O"]
[Black "Sprenger,J"]
[Result "1/2-1/2"]
[WhiteElo "2425"]
[BlackElo "2508"]

1.d4 Nf6 2.Nf3 e6 3.c4 b6 4.g3 Ba6 5.Qb3 Nc6 6.Nbd2 Na5 7.Qc3 c5 8.dxc5 bxc5
9.e4 d6 10.a3 Bb7 11.b4 cxb4 12.axb4 Nc6 13.Bg2 e5 14.O-O Be7 15.Ba3 O-O
16.Rfd1 Qc7 17.h3 Rfc8  1/2-1/2

[Event "Open A"]
[Site "Pardubice CZE"]
[Date "2005.07.26"]
[Round "5"]
[White "Bus,D"]
[Black "Monroy,C"]
[Result "0-1"]
[WhiteElo "2202"]
[BlackElo "2328"]

1.d4 Nf6 2.c4 e6 3.Nf3 b6 4.g3 Ba6 5.Nbd2 Bb4 6.Bg2 Bxc4 7.a3 Bxd2+ 8.Nxd2 Bd5
9.e4 Bb7 10.O-O O-O 11.Re1 Nc6 12.Nf3 h6 13.Nh4 d6 14.f4 Ne7 15.b4 d5 16.e5 Ne4
17.Bb2 Qd7 18.Rc1 a5 19.Re3 Rfc8 20.Rb3 axb4 21.Rxb4 Ra5 22.Nf3 Ba6 23.Bf1 Bxf1
24.Kxf1 Qd8 25.Qb3 c5 26.Ra4 c4 27.Qc2 c3 28.Ba1 b5 29.Rb4 Rxa3 30.Rxb5 Rca8
31.Rbb1 R8a7  0-1

[Event "MTO Open"]
[Site "Biel SUI"]
[Date "2005.07.27"]
[Round "9"]
[White "Sriram,J"]
[Black "Cvitan,O"]
[Result "0-1"]
[WhiteElo "2437"]
[BlackElo "2491"]

1.d4 Nf6 2.c4 e6 3.Nf3 b6 4.g3 Ba6 5.Qa4 Bb7 6.Bg2 c5 7.dxc5 Bxc5 8.O-O O-O
9.Nc3 Be7 10.Rd1 Na6 11.Bf4 Nc5 12.Qc2 Qc8 13.Rac1 Nce4 14.Nd4 Nxc3 15.Qxc3 a6
16.Qb3 Bxg2 17.Kxg2 Qb7+ 18.Qf3 Ra7 19.Qxb7 Rxb7 20.f3 Rc8 21.e4 d6 22.Ne2 Rc6
23.b3 Kf8 24.Rd3 Ne8 25.Kf2 h6 26.h4 h5 27.a4 Bf6 28.Bd2 Be7 29.Bb4 Rc8 30.Rcd1 g6
31.R1d2 Ra8 32.Ke3 b5 33.cxb5 axb5 34.a5 Bd8 35.Rxd6 Nxd6 36.Bxd6+ Be7 37.b4 Rc8
38.e5 Rd7 39.Nd4 Bxd6 40.exd6 Rxd6 41.Rc2 Rxc2 42.Nxc2 Rd1 43.Na3 e5 44.f4 Rd4
45.Nxb5 Rxb4 46.Nc7 exf4+ 47.gxf4 Rc4  0-1

[Event "Open A"]
[Site "Pardubice CZE"]
[Date "2005.07.27"]
[Round "6"]
[White "Borovikov,V"]
[Black "Poobesh Anand,S"]
[Result "1-0"]
[WhiteElo "2595"]
[BlackElo "2372"]

1.d4 Nf6 2.Nf3 e6 3.c4 b6 4.g3 Ba6 5.b3 Bb4+ 6.Bd2 Be7 7.Nc3 O-O 8.Rc1 Ba3
9.Rc2 Nc6 10.Nb5 Bxb5 11.cxb5 Nb4 12.Rc4 Qe7 13.Rxc7 Rac8 14.Rxc8 Rxc8 15.Bh3 Nxa2
16.O-O Nc3 17.Bxc3 Rxc3 18.Qd2 Rxb3 19.Ra1 Rxb5 20.Qd3 Ra5 21.e4 Bb2 22.Rxa5 bxa5
23.e5 Nd5 24.Qb5 Bc3 25.Qb8+ Qf8 26.Qxa7 Qd8 27.Bf1 h6 28.h4 Ne7 29.Bb5 Nc6
30.Bxc6 dxc6 31.Qc5 Bb4 32.Qxc6 Qd5 33.Qe8+ Bf8 34.Kg2 Qe4 35.h5 Qb7 36.g4 Qb4
37.Kh3 a4 38.d5 Qf4 39.Nh4 Qxf2 40.d6 Qe3+ 41.Kg2 Qe2+ 42.Kh3 Qe3+ 43.Kg2  1-0

[Event "Open A"]
[Site "Pardubice CZE"]
[Date "2005.07.28"]
[Round "7"]
[White "Shtyrenkov,V"]
[Black "Sprenger,J"]
[Result "1/2-1/2"]
[WhiteElo "2459"]
[BlackElo "2508"]

1.d4 Nf6 2.c4 e6 3.Nf3 b6 4.g3 Ba6 5.b3 Bb4+ 6.Bd2 Be7 7.Nc3 O-O 8.e4 d5
9.cxd5 Bxf1 10.Kxf1 exd5 11.e5 Ne4 12.Qe2 Nxc3 13.Bxc3 Qd7 14.Kg2 c5 15.Rhe1 Qe6
16.dxc5 bxc5 17.Bd2 Re8 18.Rac1 Nd7 19.Ng1 Bf8 20.f4 f6 21.Nf3 fxe5 22.fxe5 h6
23.Qd3 a5 24.Bf4 Rab8 25.Rb1 Rb7 26.h3 g5 27.Bd2 Bg7 28.Bxg5 c4 29.Qd1 hxg5
30.Nxg5 Qc6 31.Qh5 d4+ 32.Kh2 Nxe5 33.Qh7+ Kf8 34.Rf1+ Nf7 35.Qh5 Ree7 36.Rf4 d3
37.Rbf1 Re2+ 38.R1f2 Qe8 39.Qg6 Kg8 40.Qh7+ Kf8 41.Qg6 Kg8 42.Qh7+ Kf8 43.Qg6  1/2-1/2

[Event "Open A"]
[Site "Pardubice CZE"]
[Date "2005.07.29"]
[Round "8"]
[White "Aleshin,O"]
[Black "Pedersen,Nic"]
[Result "1/2-1/2"]
[WhiteElo "2425"]
[BlackElo "2488"]

1.d4 Nf6 2.Nf3 e6 3.c4 b6 4.g3 Ba6 5.Qb3 Nc6 6.Nbd2 d5 7.Bg2 Bd6 8.Qa4 Bb7
9.cxd5 exd5 10.Nc4 O-O 11.Nxd6 cxd6 12.O-O Re8 13.Re1 a6 14.Bg5 b5 15.Qa3 h6
16.Bxf6 Qxf6 17.e3 Qe6 18.Nd2 Rec8 19.Rac1 a5 20.Qb3 Na7 21.a3 Rab8 22.Nb1 Rc4
23.Nd2 Rbc8 24.Qd3 Ba8 25.h4 Qd7 26.Kh2 R8c6 27.Nb3 a4 28.Nd2 b4 29.axb4 Rxb4
30.b3 axb3 31.Nxb3 Rbc4 32.Ra1 Rc3 33.Qd1 Rb6 34.Ra3 Rc7 35.Qa1 Bb7 36.Rxa7 Rxb3
37.Rb1 Qb5 38.Rxb3 Qxb3 39.Qa2 Rc3 40.Qxb3 Rxb3 41.Bf3 Rb5 42.Ra2 g6 43.Rc2 Kg7
44.Rc7 Rb6 45.Bg4 Kf8 46.Bd7 Ba6 47.Rc6  1/2-1/2

[Event "10th Open"]
[Site "Creon FRA"]
[Date "2005.08.02"]
[Round "2"]
[White "Sanchez,N"]
[Black "Gilles de la Londe,J"]
[Result "1-0"]
[WhiteElo "2149"]
[BlackElo "1847"]

1.d4 Nf6 2.c4 e6 3.Nf3 b6 4.g3 Ba6 5.Qc2 c5 6.Bg2 Bb7 7.dxc5 Bxc5 8.O-O O-O
9.Nc3 Nc6 10.Rd1 a6 11.Bg5 Be7 12.e4 h6 13.Bf4 Ra7 14.a3 Nh7 15.Rd2 g5 16.Be3 Bc5
17.Bxc5 bxc5 18.Na4 g4 19.Nh4 Nd4 20.Qd1 Qg5 21.Nxc5 Nf3+ 22.Bxf3 gxf3 23.Nxb7 Rxb7
24.Nxf3 Qg4 25.Qe2 Rb3 26.Nd4 Qxe2 27.Nxe2 Ng5 28.Nd4 Rb7 29.Re2 Rfb8 30.b4 f6
31.f4 Nf7 32.Rd1 h5 33.Kf2 Kh7 34.Nb3 d6 35.Red2 Rc8 36.c5 Rbc7 37.cxd6 Rc3
38.Nc5 Nd8 39.Rd3 R8xc5 40.bxc5 Rxc5 41.Rb1 Kg6 42.Rb8 Nf7 43.d7  1-0

[Event "HZ Open"]
[Site "Vlissingen NED"]
[Date "2005.08.07"]
[Round "2"]
[White "Straver,R"]
[Black "Iordachescu,V"]
[Result "0-1"]
[WhiteElo "2172"]
[BlackElo "2606"]

1.d4 Nf6 2.Nf3 e6 3.c4 b6 4.g3 Ba6 5.b3 b5 6.Bg2 bxc4 7.Ne5 Bb4+ 8.Bd2 cxb3
9.axb3 Bxd2+ 10.Qxd2 d5 11.O-O O-O 12.Rc1 Bb7 13.Qb4 Qc8 14.Nc3 Nc6 15.Nxc6 Bxc6
16.e3 Qb8 17.Qc5 Bd7 18.Bf1 Qb6 19.Nb5 c6 20.Nxa7 Qb7 21.Bd3 Rfb8 22.Ra3 Be8
23.Rca1 g6 24.h4 Kg7 25.Qd6 h6 26.Qe5 Rd8 27.g4 Qb8 28.Qxb8 Rdxb8 29.g5 Ng8
30.b4 Rxb4 31.Ra6 Ne7 32.R1a2 Rb3 33.Be2 Rab8 34.Rc2 R8b6 35.Rxb6 Rxb6 36.Ra2 Bd7
37.Ra6 Rxa6 38.Bxa6 hxg5 39.hxg5 Kf8 40.Kg2 Ke8 41.Kg3 e5 42.dxe5 Kd8 43.e6 Bxe6  0-1

[Event "HZ Open"]
[Site "Vlissingen NED"]
[Date "2005.08.11"]
[Round "6"]
[White "Tiggelman,R"]
[Black "Grooten,H"]
[Result "1-0"]
[WhiteElo "2177"]
[BlackElo "2376"]

1.d4 Nf6 2.Nf3 e6 3.c4 b6 4.g3 Ba6 5.b3 Bb4+ 6.Bd2 Be7 7.Nc3 d5 8.cxd5 exd5
9.Bg2 O-O 10.O-O Bb7 11.Rc1 Na6 12.Ne5 Qc8 13.Bg5 Rd8 14.e3 Qf5 15.Bxf6 Bxf6
16.g4 Qc8 17.Nxf7 Kxf7 18.g5 Be7 19.Qh5+ Kg8 20.Bh3 Rd7 21.Be6+ Kh8 22.Qh3 Bc6
23.Ne2 Bb5 24.Nf4 Qe8 25.Bf5 h6 26.gxh6 Rd6 27.hxg7+ Kxg7 28.Qh7+ Kf6 29.Nh5+ Qxh5
30.Qxh5 Rg8+ 31.Kh1 Rg5 32.Qh8+ Kxf5 33.Qe5+ Kg6 34.Rg1 Be2 35.h4 Bf3+ 36.Kh2 Kf7
37.hxg5 Be4 38.f3 Bg6 39.Qg3 Re6 40.f4 Bd6 41.Kg2 Nb4 42.Qh3 Be4+ 43.Kf1 Re8
44.f5 Rf8 45.g6+ Ke7 46.Qh7+ Ke8 47.g7 Rxf5+ 48.Qxf5  1-0

[Event "FSIMC August"]
[Site "Budapest HUN"]
[Date "2005.08.13"]
[Round "8"]
[White "Blodstein,B"]
[Black "Vasvari,T"]
[Result "1/2-1/2"]
[WhiteElo "2249"]
[BlackElo "2203"]

1.Nf3 Nf6 2.c4 e6 3.d4 b6 4.g3 Ba6 5.b3 Bb4+ 6.Bd2 Be7 7.Bg2 c6 8.O-O d5
9.Qc2 O-O 10.Re1 Nbd7 11.cxd5 cxd5 12.Nc3 Rc8 13.Qb2 Bd6 14.a3 Qe7 15.Bf4 Bxf4
16.gxf4 Ne8 17.e4 dxe4 18.Nxe4 Ndf6 19.Ng3 Nd5 20.Qd2 Qd6 21.f5 Nf4 22.Bf1 Bxf1
23.Kxf1 Rd8 24.Ne4 Qc7 25.Rac1 Qb8 26.Ne5 Qxe5 27.dxe5 Rxd2 28.Nxd2 Nd3 29.Rc8 Nxe1
30.Kxe1 exf5 31.Nc4 b5 32.Na5 f6 33.e6 Nd6 34.Rc6 Ne4 35.e7 Re8 36.Rc7 a6
37.Nb7 Kf7 38.f3 Rxe7 39.Rxe7+ Kxe7 40.fxe4 fxe4 41.Nc5 f5 42.Nxa6 Kd6 43.Nb4 Kc5
44.Nc2 g5 45.Ne3 f4 46.Ng4 Kd4 47.a4 bxa4 48.bxa4 e3 49.Nxe3 fxe3 50.Ke2 h5
51.a5 Kc5 52.Kxe3 Kb5 53.Ke4 Kxa5 54.Kf5 h4 55.h3 Kb6 56.Kxg5 Kc7 57.Kxh4 Kd8
58.Kg5 Ke8  1/2-1/2

[Event "FSGM August"]
[Site "Budapest HUN"]
[Date "2005.08.14"]
[Round "9"]
[White "Ilincic,Z"]
[Black "Berczes,D"]
[Result "1-0"]
[WhiteElo "2470"]
[BlackElo "2495"]

1.d4 Nf6 2.c4 e6 3.Nf3 b6 4.g3 Ba6 5.Qa4 Bb7 6.Bg2 c5 7.O-O cxd4 8.Nxd4 Bxg2
9.Kxg2 Qc8 10.Nc3 Be7 11.Rd1 O-O 12.f3 a6 13.Bg5 h6 14.Bxf6 Bxf6 15.Ne4 Be7
16.Qb3 Qc7 17.Rac1 Nc6 18.Nxc6 Qxc6 19.Qd3 d6 20.b4 Rfd8 21.a3 Rac8 22.g4 Qb7
23.Qe3 a5 24.Rc3 axb4 25.axb4 d5 26.cxd5 exd5 27.Rxc8 Rxc8 28.Nc3 Bxb4 29.Nxd5 Bc5
30.Qe4 Qa8 31.Qf5 Rd8 32.g5 hxg5 33.Qxg5 Rd6 34.Ne7+ Kf8 35.Rxd6 Bxd6 36.Nf5 Qb8
37.Qxg7+ Ke8 38.h4 Bf8 39.Qf6 Qc8 40.Qe5+ Qe6 41.Qb8+ Kd7 42.Qb7+ Ke8 43.e4 Bh6
44.h5 Qa2+ 45.Kg3 Qe6 46.Qc7 b5 47.Qb8+ Kd7 48.Qxb5+  1-0

[Event "HZ Open"]
[Site "Vlissingen NED"]
[Date "2005.08.14"]
[Round "9"]
[White "De Saegher,C"]
[Black "Roeder,M"]
[Result "0-1"]
[WhiteElo "2187"]
[BlackElo "2393"]

1.d4 Nf6 2.Nf3 e6 3.c4 b6 4.g3 Ba6 5.b3 Bb7 6.Bg2 Bb4+ 7.Bd2 a5 8.O-O O-O
9.Bf4 a4 10.Nbd2 d6 11.Qc2 c5 12.Bg5 Nbd7 13.e4 Bxd2 14.Nxd2 cxd4 15.f4 axb3
16.axb3 Qc7 17.Qb2 Ng4 18.Be7 Rfe8 19.Rxa8 Bxa8 20.Ra1 Bc6 21.Bh3 Ne3 22.Bh4 Nc5
23.Ra2 e5 24.f5 f6 25.Qa1 Qb7 26.b4 Nxe4 27.b5 Nxd2 28.bxc6 Nf3+ 29.Kf2 Qxc6
30.Ra7 Nxh4 31.gxh4 Qxc4 32.Ra8 Qc6 33.Qa2+ d5 34.Rxe8+ Qxe8 35.Bg2 Qd8 36.Bf3 Kh8
37.h5 h6 38.Qa7 e4 39.Be2 Nxf5 40.Bg4 Ne7 41.Be6 Kh7 42.Qb7 Qd6 43.Bf7 f5
44.Qa8 Qxh2+ 45.Kf1 Qf4+ 46.Kg2 Qg4+ 47.Kh1 Qh4+ 48.Kg2 Qg5+ 49.Kh2 d3 50.Qe8 d2
51.Kh3 d1=R  0-1

[Event "15th ch-SLO"]
[Site "Ptuj SLO"]
[Date "2005.08.15"]
[Round "5"]
[White "Gruskovnjak,T"]
[Black "Sakelsek,T"]
[Result "0-1"]
[WhiteElo "2293"]
[BlackElo "2390"]

1.d4 Nf6 2.Nf3 e6 3.c4 b6 4.g3 Ba6 5.b3 b5 6.cxb5 Bxb5 7.Bg2 Be7 8.O-O O-O
9.Nc3 Ba6 10.Na4 d5 11.Ne5 Nfd7 12.Nd3 Nb6 13.Nac5 Bxd3 14.Qxd3 N8d7 15.Bb2 a5
16.e4 Nf6 17.exd5 Nfxd5 18.a3 Nd7 19.Ne4 Qb8 20.f4 Qb6 21.Nd2 Rab8 22.Rae1 Bf6
23.Be4 h6 24.Qc4 Qb5 25.Ba1 Ne7 26.Rc1 Qb6 27.Kh1 Rfc8 28.Bc2 g6 29.Ne4 Bg7
30.Nc5 Nf6 31.Rce1 Rd8 32.Rd1 Ned5 33.Qe2 Nd7 34.Rc1 N7f6 35.Rfe1 Rd6 36.Nd3 Qb7
37.Kg1 Nd7 38.Ne5 Nxe5 39.dxe5 Rd7 40.Red1 Bf8 41.Bd4 Rbd8 42.Qc4 Bxa3 43.Ra1 Bb4
44.h4 Nb6 45.Bxb6 Qxb6+ 46.Kg2 Rd2+ 47.Rxd2 Rxd2+ 48.Kh3 Qf2 49.Bxg6 Rd4
50.Bxf7+ Kxf7 51.Qxc7+ Be7 52.Qc3 Rd2 53.h5 Qg2+ 54.Kg4 Rd8 55.f5 Rg8+ 56.Kf4 Bg5+  0-1

[Event "Ada Open"]
[Site "Belgrade SCG"]
[Date "2005.08.16"]
[Round "2"]
[White "Brakus,D"]
[Black "Mikicic,Du"]
[Result "0-1"]
[WhiteElo "2062"]
[BlackElo "2217"]

1.d4 Nf6 2.c4 e6 3.Nf3 b6 4.g3 Ba6 5.Qc2 c5 6.Bg2 Nc6 7.d5 exd5 8.cxd5 Nb4
9.Qd1 Nbxd5 10.Nh4 Bb7 11.O-O Qc7 12.e4 Nb4 13.Bf4 Qc8 14.Nc3 Be7 15.Nf5 Kf8
16.Bd6 Ng8 17.a3 Nc6 18.Qb3 Nd4 19.Bxe7+ Nxe7 20.Nxd4 cxd4 21.Nb5 Qc6 22.Rac1 Qe6
23.Qb4 a5 24.Qxd4 Rd8 25.Nd6 Nc6 26.Qd2 Ba6 27.Rfd1 h5 28.Qe3 Rb8 29.h4 Rh6
30.Nf5 Rg6 31.Rd6 Qe8 32.Rxg6 fxg6 33.Nd6 Qe6 34.Qf4+ Kg8 35.e5 Rf8 36.Qe3 Qxe5
37.Bxc6 Qxd6 38.Be4 Kh7  0-1

[Event "ch-AUT Qualifier"]
[Site "Gmunden AUT"]
[Date "2005.08.16"]
[Round "4"]
[White "Schmidlechner,A"]
[Black "Zsifkovits,R"]
[Result "0-1"]
[WhiteElo "2267"]
[BlackElo "2168"]

1.d4 Nf6 2.c4 e6 3.Nf3 b6 4.g3 Ba6 5.b3 Bb7 6.Bg2 Bb4+ 7.Bd2 a5 8.Nc3 O-O
9.O-O d6 10.Qc2 Nbd7 11.Bf4 Bxc3 12.Qxc3 Re8 13.Rad1 Be4 14.Rfe1 Qe7 15.Bh3 h6
16.Bc1 Bh7 17.Bb2 Rad8 18.Nd2 Ne4 19.Nxe4 Bxe4 20.f3 Bb7 21.e4 e5 22.c5 exd4
23.cxd6 cxd6 24.Qxd4 Ne5 25.Bg2 f6 26.Qxb6 a4 27.Ba3 axb3 28.Qxb3+ Kh8 29.Rd2 Ba6
30.Red1 Nc4 31.Rd4 Qa7 32.Kh1 d5 33.Qa4 Ne3 34.R1d3 Nxg2 35.Kxg2 Qa8 36.Rd2 dxe4
37.fxe4 Bf1+ 38.Kxf1 Qxa4 39.Rxa4 Rxd2 40.Bc5 Rb8 41.Bb4 Rxh2 42.e5 fxe5
43.a3 Rc8 44.Be1 Rc1 45.Re4 Ra2 46.a4 Kh7 47.Rxe5 Rxa4 48.Kg2 Rc2+ 49.Kf1 Raa2
50.Re6 Rh2 51.Kg1 Rhe2 52.Rxe2 Rxe2  0-1

[Event "ch-AUT Qualifier"]
[Site "Gmunden AUT"]
[Date "2005.08.18"]
[Round "6"]
[White "Punzenberger,F"]
[Black "Sandhu,M"]
[Result "0-1"]
[WhiteElo "2197"]
[BlackElo "2291"]

1.d4 Nf6 2.c4 e6 3.Nf3 b6 4.g3 Ba6 5.b3 Bb4+ 6.Bd2 Be7 7.Bg2 c6 8.Bc3 d5
9.Ne5 Nfd7 10.Nxd7 Nxd7 11.Nd2 O-O 12.O-O Rc8 13.e4 dxc4 14.bxc4 b5 15.Re1 Nb6
16.c5 Na4 17.Qc2 e5 18.Nf3 exd4 19.Bxd4 Qa5 20.e5 b4 21.e6 f5 22.Ne5 Nxc5
23.Bxc5 Qxc5 24.Qxc5 Bxc5 25.Nd7 Bd4 26.Nxf8 Kxf8 27.Rad1 c5 28.e7+ Ke8 29.Bd5 Bb5
30.Bg8 Rc7 31.Bxh7 Rxe7 32.Bxf5 Bc4 33.Rxe7+ Kxe7 34.Bb1 a5 35.Rc1 Be6 36.Kf1 a4
37.Ke2 b3 38.axb3 Bxb3 39.Re1 a3 40.Kd3+ Kd6 41.Re2 Kd5 42.Ra2 c4+ 43.Kd2 Bxa2
44.Bxa2 Bxf2 45.g4 Kd4 46.Kc2 Bh4 47.h3 Be7 48.Bb1 g5 49.Ba2 Bb4 50.Bb1 Ke4
51.Ba2 c3 52.Bc4 Kf4 53.Kb3 Kg3 54.Bf1 Kh2 55.h4 gxh4 56.g5 a2  0-1

[Event "2nd Dato' Arthur Tan Malaysian Open"]
[Site "Kuala Lumpur MAS"]
[Date "2005.08.20"]
[Round "1"]
[White "Wang Xinyue"]
[Black "Tirto"]
[Result "0-1"]
[WhiteElo "1978"]
[BlackElo "2370"]

1.d4 Nf6 2.c4 e6 3.Nf3 b6 4.g3 Ba6 5.b3 Bb4+ 6.Bd2 Be7 7.Bg2 c6 8.Bc3 d5
9.Ne5 Nfd7 10.Nxd7 Nxd7 11.Nd2 Rc8 12.O-O O-O 13.e4 c5 14.exd5 exd5 15.dxc5 dxc4
16.Nxc4 Bxc4 17.Qd4 Bf6 18.Qxc4 Rxc5 19.Bxf6 Qxf6 20.Qa6 Rc7 21.Rac1 Nc5
22.Qa3 a5 23.b4 axb4 24.Qxb4 Rd8 25.Qb5 g6 26.Rcd1 Rcd7 27.Rxd7 Rxd7 28.a4 Ra7
29.Qe8+ Kg7 30.Bc6 Re7 31.Qd8 Ne6 32.Qd6 Nd4 33.Qxf6+ Kxf6 34.Bd5 Re5 35.Bc4 Nf3+
36.Kg2 Nd2 37.Bb5 Nxf1 38.Bxf1 Ke7 39.Kf3 Kd6 40.Bc4 f6 41.Bg8 Re7 42.h4 Kc5
43.Bb3 Kb4 44.Bc2 Rc7 45.Bd1 Rc1 46.Ke2 Kc3 47.g4 h6 48.f3 g5 49.hxg5 hxg5  0-1

[Event "Rudenko mem"]
[Site "St Petersburg RUS"]
[Date "2005.08.23"]
[Round "4"]
[White "Shaidullina,S"]
[Black "Sirotkina,N"]
[Result "1/2-1/2"]
[WhiteElo "2331"]
[BlackElo "2243"]

1.d4 Nf6 2.Nf3 e6 3.c4 b6 4.g3 Ba6 5.b3 Bb4+ 6.Bd2 Be7 7.Bg2 c6 8.Bc3 Ne4
9.Bb2 d5 10.O-O O-O 11.Nbd2 Nxd2 12.Nxd2 f5 13.a3 Nd7 14.Rc1 Nf6 15.b4 Ne4
16.cxd5 cxd5 17.Nxe4 fxe4 18.f3 exf3 19.Rxf3 Bg5 20.Rcc3 Rc8 21.Bf1 Rxc3
22.Bxc3 Qc8 23.Qe1 Rxf3 24.exf3 Bxf1 25.Kxf1 Qc4+ 26.Kg2 Qa2+ 27.Kh3 Kf7
28.Qe5 Qxa3 29.Qxg5 Qxc3 30.Qf4+ Ke7 31.Qg5+ Kf7 32.Qf4+ Ke7 33.Qg5+ Kf7
34.Qf4+ Ke7 35.Qg5+  1/2-1/2

[Event "Rudenko mem"]
[Site "St Petersburg RUS"]
[Date "2005.08.24"]
[Round "5"]
[White "Shumiakina,T"]
[Black "Malysheva,P"]
[Result "1-0"]
[WhiteElo "2328"]
[BlackElo "2282"]

1.d4 Nf6 2.Nf3 e6 3.c4 b6 4.g3 Ba6 5.b3 Bb4+ 6.Bd2 Be7 7.Bg2 d5 8.cxd5 exd5
9.O-O O-O 10.Ne5 c5 11.dxc5 bxc5 12.Nc3 Bb7 13.Bf4 Na6 14.Qd2 Rb8 15.Nxf7 Kxf7
16.Bxb8 Qxb8 17.Nxd5 Rd8 18.e4 Nxd5 19.exd5 Nb4 20.Qe2 Bxd5 21.Bxd5+ Nxd5
22.Rad1 Nf6 23.Rfe1 Qc7 24.Qa6 Rxd1 25.Qe6+ Kf8 26.Rxd1 Qb6 27.Qc8+ Kf7 28.Re1 Qd6
29.Qb7 Qd7 30.Qa6 h6 31.Re5 Qd6 32.Qc4+ Kf8 33.Re6 Qd1+ 34.Kg2 Qd7 35.Re5 Bd6
36.Re2 Qc6+ 37.f3 Be7 38.Rd2 Nd7 39.Qg4 Ne5 40.Qf5+ Qf6 41.Qe4 Nc6 42.Rd5 Nd4
43.Rd7 a6 44.Ra7 Nb5 45.Ra8+ Kf7 46.Qd5+ Qe6 47.Qxe6+ Kxe6 48.Rxa6+ Kd5 49.a4 Nd4
50.Rb6 Nc6 51.Kf1 Kd6 52.Rb7 Na5 53.Rb5 Bd8 54.b4 cxb4 55.Rxb4 Nc6 56.Re4 Bf6
57.Ke2 Kc5 58.Ke3 Bg5+ 59.f4 Bf6 60.Re8 Kd5 61.Kf3 Kc4 62.Ke4 Kb4 63.Kd5 Na5
64.Re4+ Kb3 65.Kc5 Nb7+ 66.Kc6 Na5+ 67.Kb5 Nb7 68.Re3+ Bc3 69.Rd3 Kc2 70.Rd7 Na5
71.g4 Nb3 72.h4 Nd4+ 73.Kc4 Nf3 74.h5 Nh2 75.a5 Bxa5 76.Rxg7 Bd2 77.g5 Ng4
78.gxh6 Nxh6 79.Rg2 Nf5 80.Rh2 Kc1 81.Kd3 Bxf4 82.Rf2 Ng7 83.Rxf4 Nxh5 84.Rf7 Ng3
85.Rf3 Nh5 86.Ke4 Kd2 87.Ke5 Ke2 88.Rh3 Ng7 89.Rh7  1-0

[Event "Operation Capablanca"]
[Site "Vienna AUT"]
[Date "2005.08.24"]
[Round "1"]
[White "Siebrecht,S"]
[Black "Markos,J"]
[Result "1/2-1/2"]
[WhiteElo "2487"]
[BlackElo "2495"]

1.d4 Nf6 2.c4 e6 3.Nf3 b6 4.g3 Ba6 5.b3 Bb7 6.Bg2 Bb4+ 7.Bd2 a5 8.O-O O-O
9.Nc3 d6 10.Qc2 Nbd7 11.Rfe1 Bxc3 12.Bxc3 Be4 13.Qd2 Qb8 14.Bh3 Qb7 15.Ng5 a4
16.f3 Bg6 17.d5 exd5 18.Bxd7 Nxd7 19.cxd5 axb3 20.axb3 Rxa1 21.Bxa1 Ra8 22.Qc3 Nf6
23.e4 Qc8 24.Kg2 Ra2+ 25.Bb2 Qa6 26.b4 Qb5 27.Nh3 Ne8 28.Nf4 Ra4 29.Nd3 Kf8
30.g4 Ke7 31.h4 f6 32.h5 Bf7 33.h6 gxh6 34.Rh1 h5 35.gxh5 Kd7 36.Qd2 Kc8
37.h6 f5 38.Rc1 fxe4 39.fxe4 Bg6 40.Qe3 Ra2 41.Kg3 Kb7 42.Bh8 Qd7 43.Nf4 Qf7
44.Ne6 Kb8 45.Bd4 Nf6 46.Bxf6 Qxf6 47.e5 Qxe5+ 48.Qxe5 dxe5 49.Rxc7 Rd2 50.Rd7 Bf5
51.Rd8+ Kb7 52.Rd7+ Kc8 53.Rd8+ Kb7 54.Rd7+ Kc8 55.Rf7 Be4 56.Nf8 Rg2+ 57.Kh3 Bxd5
58.Nxh7 Rg1 59.Rf6 e4 60.Rf8+ Kb7 61.Nf6 e3 62.Re8 Rh1+ 63.Kg3 Bc4 64.h7 e2
65.Kf2 Rh2+ 66.Ke1 Rh1+ 67.Kd2 Bb5 68.Re7+ Kc6 69.Re6+ Kc7 70.Re5 Rd1+ 71.Kc3 Rh1
72.Kd2 Rd1+ 73.Kc2 Bd3+ 74.Kc3 Bxh7 75.Rxe2 Bf5  1/2-1/2

[Event "2nd Dato' Arthur Tan Malaysian Open"]
[Site "Kuala Lumpur MAS"]
[Date "2005.08.26"]
[Round "11"]
[White "Sriram,J"]
[Black "Taleb,M"]
[Result "1-0"]
[WhiteElo "2437"]
[BlackElo "2508"]

1.d4 Nf6 2.c4 e6 3.Nf3 b6 4.g3 Ba6 5.Qa4 c6 6.Bg2 Be7 7.Nc3 O-O 8.Bf4 b5
9.cxb5 cxb5 10.Nxb5 Nd5 11.Nc3 Nxf4 12.gxf4 Qb6 13.Qb3 Qc7 14.Ne5 Nc6 15.O-O Rfb8
16.Qa4 Bb7 17.Nd3 Nb4 18.Nb5 Qd8 19.Nxb4 Bxg2 20.Kxg2 Bxb4 21.Qxb4 a6 22.a4 Qh4
23.Qd2 axb5 24.axb5 Rxa1 25.Rxa1 Qg4+ 26.Kh1 Qf5 27.d5 h6 28.dxe6 dxe6 29.b6 Qb5
30.Rc1 Qxb6 31.Kg2 Rd8 32.Qc3 Qb7+ 33.f3 Qb5 34.Rc2 Qf5 35.Rd2 Ra8 36.Qc6 Rf8
37.Qe4 Qb5 38.Qe5 Qb3 39.Qc3 Qb8 40.Qd4 Qb3 41.Rd3 Qc2 42.Rd2 Qg6+ 43.Kf2 Rb8
44.Qe5 Rc8 45.Qa5 Qf6 46.Qe5 Qh4+ 47.Kg2 Rc1 48.Qe3 Ra1 49.Qe4 Ra5 50.Rc2 Rf5
51.Rc4 Qh5 52.b4 Qg6+ 53.Kh1 h5 54.Rc8+ Kh7 55.Rc5 h4 56.Rxf5 exf5 57.Qe7 f6
58.Qc5 Qe8 59.Qxf5+ Kh8 60.Qe4 Qb5 61.Kg2 f5 62.Qe5 Qd7 63.b5 Qd1 64.b6 h3+
65.Kf2 Qb1 66.Qe6 Qb5 67.Kg3 Qb1 68.Kf2 Qb5 69.Qd6 Qb1 70.Qc7 Kh7 71.b7 Qh1
72.b8=Q Qxh2+ 73.Ke3 Qg1+ 74.Kd2 Qd4+ 75.Kc2 h2 76.Qf7 Qa4+ 77.Kd3 Qd1+ 78.Kc4 Qxe2+
79.Kc5 Qe3+ 80.Kc6 Qxf3+ 81.Kd7 Qd3+ 82.Ke7 Qe3+ 83.Qe5 Qxe5+ 84.fxe5 h1=Q
85.Qxf5+ Kg8 86.Qf7+ Kh7 87.Qf5+ Kg8 88.Qc8+ Kh7 89.Qc2+ Kg8 90.Qb3+ Kh7
91.e6 Qa8 92.Qd3+ g6 93.Qd8 Qe4 94.Kf7 Qb7+ 95.Qe7 Qb2 96.Qh4+  1-0

[Event "Rudenko mem"]
[Site "St Petersburg RUS"]
[Date "2005.08.26"]
[Round "7"]
[White "Gromova,I"]
[Black "Rumiantseva,M"]
[Result "1/2-1/2"]
[WhiteElo "2132"]
[BlackElo "2021"]

1.d4 Nf6 2.c4 e6 3.Nf3 b6 4.g3 Ba6 5.Qc2 c5 6.Bg2 Nc6 7.dxc5 bxc5 8.O-O Be7
9.b3 O-O 10.Nc3 Qc7 11.e4 d6 12.Re1 Nd7 13.Bb2 Nde5 14.Nxe5 dxe5 15.Rad1 Nd4
16.Qb1 Rab8 17.Ne2 Bc8 18.Bxd4 exd4 19.Nc1 e5 20.Qc2 a5 21.a4 Bd7 22.h4 Rb6  1/2-1/2

[Event "13th Open"]
[Site "Nikaia GRE"]
[Date "2005.08.28"]
[Round "7"]
[White "Obodchuk,A"]
[Black "Georgiadis,I"]
[Result "1-0"]
[WhiteElo "2438"]
[BlackElo "2205"]

1.Nf3 Nf6 2.c4 e6 3.d4 b6 4.g3 Ba6 5.b3 Bb4+ 6.Bd2 Be7 7.Nc3 d5 8.cxd5 exd5
9.Bg2 O-O 10.O-O c6 11.Qc2 Nbd7 12.Rfe1 Rc8 13.Bh3 c5 14.Qb2 cxd4 15.Nxd4 Bc5
16.Na4 Ne4 17.Nxc5 bxc5 18.Nf5 Ndf6 19.Bf4 d4 20.Qa3 Rc6 21.b4 Nc3 22.bxc5 Nxe2+
23.Rxe2 Bxe2 24.Bd6 Rxd6 25.cxd6 d3 26.Qxa7 d2 27.Qd4 d1=Q+ 28.Rxd1 Bxd1
29.Qxd1 Qa5 30.d7 Nxd7 31.Qxd7 Qxa2 32.Bg4 Qa1+ 33.Kg2 g6 34.Ne3 Qa8+ 35.Bf3 Qd8
36.Qb5 Qd4 37.Qg5 Qd8 38.Qh6 Qd4 39.h4 Qg7 40.Qf4 h5 41.Nd5 Rd8 42.Qc7 Rf8
43.Qd6 Qb2 44.Nf6+ Kg7 45.Ne4 Rc8 46.Qf4 Rc2 47.Qe3 Qe5 48.Qd3 Rb2 49.Qc4 Kg8
50.Ng5 Qf6 51.Qc5 Qb6 52.Qxb6 Rxb6 53.Bd5 Rf6 54.Bxf7+ Rxf7 55.Nxf7 Kxf7
56.Kf3 Ke7 57.Kf4 Kf6 58.f3 g5+ 59.hxg5+ Kg6 60.Ke5 Kxg5 61.Ke6  1-0

[Event "Operation Capablanca"]
[Site "Vienna AUT"]
[Date "2005.08.29"]
[Round "6"]
[White "Balinov,I"]
[Black "Sulskis,S"]
[Result "1/2-1/2"]
[WhiteElo "2388"]
[BlackElo "2535"]

1.d4 Nf6 2.c4 e6 3.Nf3 b6 4.g3 Ba6 5.Qa4 c5 6.Bg2 Bb7 7.dxc5 Bxc5 8.O-O O-O
9.Nc3 Ne4 10.Nxe4 Bxe4 11.Bf4 Nc6 12.Rad1 Qf6 13.Ng5 Bxg2 14.Qc2 g6 15.Kxg2 d5
16.Qa4 Nd4 17.e3 h6 18.exd4 hxg5 19.Be5 Qf5 20.f3 g4 21.fxg4 Qe4+ 22.Kh3 f5
23.Rf4 fxg4+ 24.Rxg4 Qf5 25.dxc5 Qh5+ 26.Rh4 Qf5+ 27.Rg4 Qh5+ 28.Rh4 Qf5+
29.Rg4  1/2-1/2

[Event "TCh-POL Ekstraliga"]
[Site "Lubniewice POL"]
[Date "2005.09.03"]
[Round "1"]
[White "Czerwonski,A"]
[Black "Macieja,B"]
[Result "1-0"]
[WhiteElo "2387"]
[BlackElo "2593"]

1.d4 Nf6 2.c4 e6 3.Nf3 b6 4.g3 Ba6 5.Qa4 c5 6.Bg2 Bb7 7.dxc5 bxc5 8.Nc3 Be7
9.O-O O-O 10.Rd1 Qb6 11.Rb1 Rd8 12.Bf4 d5 13.cxd5 exd5 14.Ne5 Na6 15.Bg5 Nc7
16.e3 h6 17.Bxf6 Qxf6 18.Nd3 g5 19.e4 c4 20.Nb4 d4 21.Ncd5 Nxd5 22.Nxd5 Bxd5
23.exd5 Rac8 24.Rbc1 c3 25.bxc3 Rxc3 26.Rc2 Bc5 27.Rcd2 Kg7 28.Qc6 Qe7 29.Qb5 Rc8
30.Qe2 Qf6 31.Be4 Re8 32.Qg4 h5 33.Qf5 Qxf5 34.Bxf5 Re5 35.Bd3 Rxd5 36.Kg2 Re5
37.h3 f5 38.Rb2 Bb6 39.Be2 Kg6 40.Bd3 Kf6 41.Be2 h4 42.g4 f4 43.Bf3 Ra5 44.Be4 Ke5
45.Re1 Kd6 46.Rd1 Raa3 47.Rb5 f3+ 48.Kg1 Rxa2 49.Rxg5 d3 50.Rg6+ Ke7 51.Bxf3 Bxf2+
52.Kh1 Bd4 53.Re1+ Kd7 54.g5 d2 55.Bg4+ Kd8 56.Rd1 Bc5 57.Rg7 Be7 58.Rg8+ Kc7
59.Rc8+ Kd6 60.Rxc3 Bxg5 61.Kg2 a5 62.Kf3 Ra4 63.Rd3+ Ke5 64.Rb1 Rf4+ 65.Ke2 Re4+
66.Kf2 Bf4 67.Kf3 Ra4 68.Rb5+ Kf6 69.Rf5+ Kg6 70.Rxf4 Ra3 71.Ke3  1-0

[Event "49th TCh-ESP Honor 2"]
[Site "Sant Lluis ESP"]
[Date "2005.09.03"]
[Round "4"]
[White "Damaso,R"]
[Black "Reinaldo Castineira,R"]
[Result "1-0"]
[WhiteElo "2432"]
[BlackElo "2447"]

1.d4 Nf6 2.Nf3 e6 3.c4 b6 4.g3 Ba6 5.b3 b5 6.cxb5 Bxb5 7.Bg2 Bc6 8.O-O Qc8
9.Bg5 Be7 10.Nc3 Qb7 11.Bxf6 Bxf6 12.e4 O-O 13.Rc1 Qb4 14.e5 Be7 15.d5 Bb7
16.a3 Qb6 17.Nd2 exd5 18.Nxd5 Bxd5 19.Bxd5 c6 20.Nc4 Qd8 21.Be4 Na6 22.b4 Nc7
23.Qd3 Ne6 24.Bxh7+ Kh8 25.Be4 f5 26.Bxf5 c5 27.Nd6 cxb4 28.axb4 Qb6 29.Rc4 a5
30.Qd1 Rxf5 31.Nxf5 Bxb4 32.Qxd7 Rd8 33.Qf7 g5 34.Qf6+ Kh7 35.Qh6+ Kg8 36.Qg6+ Kh8
37.Nd6 Ng7 38.Nf7+ Kg8 39.Nh6+ Kh8  1-0

[Event "Paul Keres Mem A"]
[Site "Tallinn EST"]
[Date "2005.09.03"]
[Round "8"]
[White "Kulaots,K"]
[Black "Miezis,N"]
[Result "1/2-1/2"]
[WhiteElo "2570"]
[BlackElo "2527"]

1.d4 Nf6 2.Nf3 e6 3.c4 b6 4.g3 Ba6 5.b3 Bb4+ 6.Bd2 Bxd2+ 7.Qxd2 c5 8.Nc3 cxd4
9.Qxd4 Nc6 10.Qd2 d5 11.cxd5  1/2-1/2